|
|
|
|
| LEADER |
00000nab a2200000 a 4500 |
| 001 |
vtls008408598 |
| 003 |
SK-MaSNL |
| 005 |
20260305001555.0 |
| 008 |
140303c2005 xo wrzp 0 0slo |
| 015 |
|
|
|a SNBRB2005/09
|2 snkbucl
|
| 040 |
|
|
|a SNKBUCL
|b slo
|c SNKBUCL
|e AACR2
|
| 041 |
0 |
|
|a slo
|
| 044 |
|
|
|a xo
|c SK
|
| 080 |
|
|
|a 616.71-007.233-08
|2 1997
|
| 100 |
1 |
|
|a Payer, Juraj,
|d 1958-
|4 aut
|9 190344
|
| 245 |
1 |
0 |
|a Osteoporóza: prevencia a liečba
|c Juraj Payer
|
| 300 |
|
|
|b Fotogr., tab.
|
| 650 |
0 |
7 |
|a osteoporóza
|2 snkbucl
|9 953
|
| 773 |
0 |
|
|t Zdravotnícke noviny
|g Roč. X, č. 25 (2005)
|x 1335-4477
|
| 773 |
0 |
8 |
|t Lekárske listy
|g Č. 25 (2005), s. 11-12
|
| 852 |
|
|
|a SNK
|b KIS3GCP
|
| 958 |
|
|
|a ME
|2 snkbucl
|
| 999 |
|
|
|c 3220183
|d 3222113
|